书目信息 |
| 题名: |
中国当代文学作品选
|
|
| 作者: | 王庆生, , 王又平, 主编 | |
| 分册: | 第一册 | |
| 出版信息: | 武汉 华中师范大学出版社 2011 |
|
| 页数: | 313页 | |
| 开本: | 23cm | |
| 丛书名: | 文学史系列教材 | |
| 单 册: | ||
| 中图分类: | I217.01 | |
| 科图分类: | ||
| 主题词: | 中国文学--zhong guo wen xue--当代文学--高等学校--作品综合集 | |
| 电子资源: | ||
| ISBN: | 978-7-5622-5055-5 | |
| 000 | 01274nam 2200337 45 | |
| 001 | 012001010608 | |
| 005 | 20191202105027.29 | |
| 010 | @a978-7-5622-5055-5@dCNY36.00 | |
| 010 | @a978-7-5622-5056-2@dCNY26.00 | |
| 010 | @a978-7-5622-5057-9@dCNY21.00 | |
| 099 | @aCAL 012011316073 | |
| 100 | @a20110905d2011 ekmy0chiy0120 ea | |
| 101 | 0 | @achi |
| 102 | @aCN@b420000 | |
| 105 | @ay z 000yy | |
| 106 | @ar | |
| 200 | 1 | @a中国当代文学作品选@Azhong guo dang dai wen xue zuo pin xuan@h第一册@f王庆生, 王又平主编 |
| 205 | @a第4版 | |
| 210 | @a武汉@c华中师范大学出版社@d2011 | |
| 215 | @a313页@d23cm | |
| 225 | 2 | @a文学史系列教材@Awen xue shi xi lie jiao cai |
| 300 | @a华大博雅高校教材 | |
| 327 | 1 | @a一, 1949-1976 ;@a二, 1976-1999上 ;@a三, 1976-1999下. |
| 330 | @a本书精选当代文学名家名作,并按一定的逻辑顺序组合起来,强调了文本细读可以作为中文专业教材。 | |
| 410 | 0 | @12001 @a文学史系列教材 |
| 606 | 0 | @a中国文学@Azhong guo wen xue@x当代文学@x高等学校@j作品综合集 |
| 690 | @aI217.01@v4 | |
| 701 | 0 | @a王庆生,@AWang Qingsheng@f1934-@4主编@3CAL n2004173262#@7jt0yjt0y@7ec0yec0y |
| 701 | 0 | @a王又平,@AWang Youping@f1949-@4主编@3CAL n2004168827#@7jt0yjt0y@7ec0yec0y |
| 801 | 2 | @aCN@b上海新华@c20191020 |
| 905 | @b1182091-4@dI217.01@e1006:1=4@f4 | |
| 中国当代文学作品选.第一册/王庆生, 王又平主编.-第4版.-武汉:华中师范大学出版社,2011 |
| 313页;23cm.-(文学史系列教材) |
| 华大博雅高校教材 |
| 部分内容:一, 1949-1976 ;;二, 1976-1999上 ;;三, 1976-1999下. |
| ISBN 978-7-5622-5055-5:CNY36.00 |
| 本书精选当代文学名家名作,并按一定的逻辑顺序组合起来,强调了文本细读可以作为中文专业教材。 |
| ● |
| 相关链接 |
|
|
|
|
正题名:中国当代文学作品选
索取号:I217.01/1006:1=4
 
预约/预借
| 序号 | 登录号 | 条形码 | 馆藏地/架位号 | 状态 | 备注 |
| 1 | 1182091 | 211820911 | 第一样本阅览室/ [索取号:I217.01/1006:1=4] | 在馆 | |
| 2 | 1182092 | 211820920 | 第二借阅区/ [索取号:I217.01/1006:1=4] | 在馆 | |
| 3 | 1182093 | 211820939 | 第二借阅区/ [索取号:I217.01/1006:1=4] | 在馆 | |
| 4 | 1182094 | 211820948 | 第二借阅区/ [索取号:I217.01/1006:1=4] | 在馆 |